00744nam a2200205 a 4500001000900000005001700009008004100026020002200067020002200089050002200111100003300133245009700166260006000263300004000323500003600363504004100399650003700440650003600477700002500513BRCA_31620190320202945.0811021m19821989enka---##b---#000-0#eng-d a0907462065 (v. 1) a1851490930 (v. 2) 4aNK4277b.C64 19821 aCoysh, Arthur Wilfredd1905-10aThe dictionary of blue and white printed pottery 1780-1880cA. W. Coysh and R. K. Henrywood. aWoodbridge, SuffolkbAntique Collectors Clubc1982-1989 a2 v.bil. (algunas a color)c28 cm. aDonación Consejo Británico aIncluye referencias bibliográficas14aCerámica inglesavDiccionarios14aPorcelana inglesavDiccionarios1 aHenrywood, Richard K